003730000a220010900045001000018000002450068000183000037000867730025001239420008001489520090001569990017002461 aMelhus, Kaare10aThe african churchc : Victim and victimizer in ethnic conflicts aNúm 66 (1994), Páginas 10-110 tWorld Evangelization cANA 001040708HEMaFUSBCbFUSBCd2016-01-26l0o r2016-01-26 00:00:00w2016-01-26yANA c57757d57757